000 04058nab a2200385 i 4500
003 BR-BrBNA
005 20240816103516.0
008 240816b2018 bl.|r|pooa||| 00| 0 eng |
040 _aBR-BrBNA
_beng
072 _aL53
_b5240
100 _aDias, L.M.K.
100 _aSales, J.N.S.
100 _aViau, P.
100 _aBarros, M.B.P.
100 _aNicolau, S.S.
100 _aSimões, L.M.S.
100 _aAlves, N.G.
100 _aAlonso, M.A.
100 _aValentim, R.
100 _aOliveira, C.A.
245 _aAlthough it induces synchronized ovulation, hCG reduces the fertility of Santa Ines ewes submitted to TAI
500 _aPublicação online; 40 ref.; Summaries (En, Pt)
520 _a ABSTRACT - The aim of this study was to evaluate hCG treatment on ovarian response and on pregnancy rate using a 9-day oestrus synchronization protocol in Santa Ines ewes. On a random oestrus cycle day, ewes received an intravaginal progesterone device (Primer-PR® , Tecnopec, Brazil). Nine days later (Day 9), 30µg of dcloprostenol (Prolise® , Syntex, Argentina) and 250IU of eCG (Folligon® , Intervet, Brazil) were administered and the progesterone device was removed. This moment, the ewes were randomly assigned on two groups: Control Group and hCG Group. In the hCG Group, the ewes received 500IU of hCG (Vetecor®, HertapeCalier, Spain) 24h after device removal. In the Control Group, the ewes did not receive any ovulation inductor. Control and hCG Groups ewes were inseminated 60h and 48h after device removal, respectively. There was no difference between the groups regarding the first ovulatory follicle diameter and the second ovulatory follicle. hCG Group ewes had shorter interval between device removal and ovulation (Control: 79.9±15.4h and hCG: 54.7±4.9h; P=0.001) and more synchronized ovulations. However, the treatment with hCG decreased the pregnancy rate after TAI (P=0,009). In conclusion, hCG administration improves ovulatory synchronisation, but causes a decrease in the pregnancy rate. Keywords: progesterone, follicle, ovulation, synchronization
520 _a RESUMO - Avaliou-se o tratamento com hCG na resposta ovariana e na taxa de prenhez utilizando protocolo de sincronização do estro de nove dias em ovelhas Santa Inês. As ovelhas receberam um dispositivo intravaginal de progesterona em fase aleatória do ciclo (dia zero= D0). No momento da remoção do dispositivo (D9), as fêmeas receberam 30µg de d-cloprostenol (Prolise®, Syntex, Argentina) e 250UI de eCG (Folligon®, Intervet, Brasil). Nesse momento, as ovelhas foram aleatoriamente distribuídas em dois grupos de tratamento: controle sem indução de ovulação e tratamento com 500UI hCG para indução de ovulação. As ovelhas dos grupos controle e hCG foram inseminadas 60h e 48h após a remoção do dispositivo, respectivamente. Não houve diferença entre os grupos para o diâmetro do primeiro e do segundo folículo pré-ovulatório. As avelhas do grupo hCG apresentaram menor intervalo entre a remoção do dispositivo e a ovulação (grupo controle: 79.9±15.4h e grupo hCG: 54.7±4.9h; P=0.001) e maior sincronização das ovulações. No entanto, o tratamento com hCG diminuiu a taxa de prenhez após a IATF (P=0,009). Conclui-se que, apesar de a administração de hCG aumentar a sincronização da ovulação, reduz a taxa de prenhez. Palavras-chave: progesterona, folículo, ovulação, sincronização
650 _aOVELHA
650 _aREPRODUÇÃO ANIMAL
650 _aPROGESTERONA
650 _aOVULAÇÃO
650 _aPRENHEZ
650 _aSINCRONIZAÇÃO DO CIO
773 0 _01643
_9317174
_dBelo Horizonte-MG Universidade Federal de Minas Gerais - Escola de Veterinaria 1983
_o2024-3790
_tArquivo Brasileiro de Medicina Veterinária e Zootecnia (Brazil)
_x0102-0935
_gv. 70(1) p. 122-130; (2018)
_wBR2024002281
856 _uhttps://www.scielo.br/j/abmvz/a/hwGLxpSJnjs4gJzp9mKBZdr/?format=pdf&lang=en
942 _cAnalítica
999 _c300924
_d300924